000 00772nam a2200229Ia 4500
001 8998
003 GE_BSU
008 181216s||||||||xx |||||||||||||| ||und||
040 _cGE_BSU
080 _a821.353.1–1
100 _aკახიძე,მედეა
245 _aინდი–მინდი
245 _bლექსები სკოლამდელთათვის
245 _cრედ.მ.ფოცხიშვილი.მხატვ.ირ.ჯანაშვილი
260 _aთბილისი
260 _bლიტერატურა და ხელოვნება
260 _c1964
300 _a152გვ.16სმ.
653 _aინდი–მინდი
653 _aლექსები
942 _cBK
999 _c42303
_d42303